Pravdepodobnosť a matematická štatistika štatistické analýzy

Salvato in:
Dettagli Bibliografici
Autore principale: Lamoš, František
Altri autori: Potocký, Rastislav
Natura: Libro
Lingua:slovacco
Pubblicazione: Bratislava Vydavateľstvo Univerzity Komenského 1998
Edizione:2. vyd.
Soggetti:
Tags: Aggiungi Tag
Nessun Tag, puoi essere il primo ad aggiungerne!!

MARC

LEADER 00000nam a2200000 4500
001 0121574
005 20240111125147.1
020 |a 80-223-1262-2 
041 0 |a slo 
044 |a SK 
245 1 0 |a Pravdepodobnosť a matematická štatistika  |b štatistické analýzy  |c František Lamoš, Rastislav Potocký 
250 |a 2. vyd. 
264 1 |a Bratislava  |b Vydavateľstvo Univerzity Komenského  |c 1998 
300 |a 342 s. 
610 2 0 |a pravdepodobnosť 
610 2 0 |a štatistika matematická 
610 2 0 |a analýza štatistická 
100 1 |a Lamoš, František 
700 1 |a Potocký, Rastislav